00569nam a22001937a 450000500170000001000150001702000230003202000260005503500140008103700090009508200150010410000310011924500670015025000080021726000370022527000800026230000200034270000130036220250416113315.0 aENG-144638 a8189588045c150.00 a9788189588052c250.00 aEN-128170 bDBAD a230.221st aTirtha, Bhoomananda, Swami aEssential Concepts in Bhagavadgita/cSwami Bhoomananda Tirtha. a1st aKerala bManaging Trustee c2008 aNaryanashrama Tapovanam Venginissery, P.O. Paralam ThrissurbKeralae680575 a166pc22 cm(pb) aS.Sharma